[Event "Online Olym Div3 A 2020"]
[Site "chess.com INT"]
[Date "2020.07.07"]
[Round "3.2"]
[Board "1"]
[White "Hamad, Ahmad"]
[Black "Tin, Jingyao"]
[Result "0-1"]
[WhiteTitle "FM"]
[BlackTitle "IM"]
[WhiteElo "2207"]
[BlackElo "2464"]
[WhiteTeam "Syria"]
[BlackTeam "Singapore"]
[WhiteFideId "7600364"]
[BlackFideId "5804418"]
[EventDate "2020.07.07"]
[EventType "team"]

1. b3 e5 2. Bb2 Nc6 3. e3 g6 4. h4 Nf6 5. g4 d6 6. g5 Nd7 7. Bg2 h5 8. f4 Bg7 9.
Nh3 Nc5 10. Nf2 O-O 11. O-O Re8 12. Nc3 exf4 13. exf4 Nd4 14. b4 Nce6 15. Nfe4
Nf5 16. Na4 Ned4 17. c3 d5 18. cxd4 dxe4 19. Nc5 Bxd4+ 20. Bxd4 Qxd4+ 21. Kh2 b6
22. Nxe4 Rxe4 23. d3 Rxf4 24. Bxa8 Rxh4+ 0-1

[Event "Online Olym Div3 A 2020"]
[Site "chess.com INT"]
[Date "2020.07.07"]
[Round "3.2"]
[Board "2"]
[White "Sivakumar, Ashvin"]
[Black "Hilwani, Talal"]
[Result "0-1"]
[WhiteTitle "FM"]
[WhiteElo "2172"]
[BlackElo "2274"]
[WhiteTeam "Singapore"]
[BlackTeam "Syria"]
[WhiteFideId "5804655"]
[BlackFideId "7600410"]
[EventDate "2020.07.07"]
[EventType "team"]

1. d4 Nf6 2. Nf3 d5 3. c4 c6 4. e3 Bf5 5. Nc3 e6 6. Nh4 Bg4 7. Qb3 Qb6 8. h3 Bh5
9. g4 Bg6 10. Nxg6 hxg6 11. Bg2 g5 12. e4 Nxe4 13. Nxe4 dxe4 14. Bxg5 f5 15.
O-O-O Qxb3 16. axb3 Be7 17. Bf4 Nd7 18. d5 cxd5 19. cxd5 e5 20. Bd2 g6 21. Bc3
Bd6 22. b4 Kf7 23. h4 Nf6 24. gxf5 gxf5 25. Bh3 Rh5 26. Rhg1 Rg8 27. Rxg8 Nxg8
28. Rg1 Ne7 29. Bf1 Kf6 30. Bc4 Rxh4 31. Bb3 Rh2 32. Be1 Ng6 33. Kd1 Rh3 34. Bc2
Ne7 35. Ke2 Nxd5 36. b5 Nf4+ 37. Kd1 Rh8 38. Bc3 Bc5 39. Ke1 Nh3 40. Rg2 Nxf2
41. Rxf2 Bxf2+ 42. Kxf2 Rh2+ 0-1

[Event "Online Olym Div3 A 2020"]
[Site "chess.com INT"]
[Date "2020.07.07"]
[Round "3.2"]
[Board "3"]
[White "Mahmoud, Roula"]
[Black "Gong, Qianyun"]
[Result "0-1"]
[WhiteTitle "WFM"]
[BlackTitle "WGM"]
[WhiteElo "1771"]
[BlackElo "2333"]
[WhiteTeam "Syria"]
[BlackTeam "Singapore"]
[WhiteFideId "7601263"]
[BlackFideId "8602425"]
[EventDate "2020.07.07"]
[EventType "team"]

1. e4 c5 2. d3 Nc6 3. Nf3 g6 4. c3 d5 5. Nbd2 Bg7 6. g3 Nf6 7. Bg2 dxe4 8. dxe4
O-O 9. O-O e5 10. Qc2 Be6 11. b3 b5 12. Bb2 h6 13. Rad1 Qe7 14. Rfe1 Rfc8 15.
Nf1 c4 16. Ne3 cxb3 17. axb3 Qc5 18. Nd5 Nxd5 19. exd5 Bxd5 20. Rxd5 Qxd5 21.
Nxe5 Qe6 22. Nd3 Qd6 23. Rd1 Rd8 24. Bf3 Rac8 25. Nf4 Qc5 26. Bd5 Ne7 27. b4 Qb6
28. Bb3 Rxd1+ 29. Qxd1 Rd8 30. Qe2 Nf5 0-1

[Event "Online Olym Div3 A 2020"]
[Site "chess.com INT"]
[Date "2020.07.07"]
[Round "3.2"]
[Board "4"]
[White "Liu, Yang Hazel"]
[Black "Yazji, Mada"]
[Result "1/2-1/2"]
[WhiteTitle "WFM"]
[WhiteElo "2046"]
[BlackElo "1704"]
[WhiteTeam "Singapore"]
[BlackTeam "Syria"]
[WhiteFideId "5800919"]
[BlackFideId "7602065"]
[EventDate "2020.07.07"]
[EventType "team"]

1. d4 d5 2. Nc3 e6 3. Bf4 c6 4. e4 dxe4 5. Nxe4 Nf6 6. Ng3 Be7 7. Nf3 Nbd7 8.
Bd3 Nd5 9. Bd2 O-O 10. c4 N5f6 11. O-O Bd6 12. Qc2 e5 13. Nf5 Bb8 14. Bg5 exd4
15. N5xd4 h6 16. Bh4 Nc5 17. Bf5 Bxf5 18. Qxf5 Ncd7 19. Rad1 Qb6 20. Qc2 c5 21.
Nf5 Ne5 22. Nd2 Ng6 23. Bg3 Bxg3 24. hxg3 Rfe8 25. Nb3 Rad8 26. Rxd8 Rxd8 27.
Re1 Qc7 28. Qc3 Kh7 29. Qf3 b6 30. Nc1 Qd7 31. b3 Qd2 32. Qe2 Qxe2 33. Nxe2 Rd2
34. Nc3 Rc2 35. Nd5 Rxa2 36. Nxf6+ gxf6 37. Nd6 Kg7 38. Nf5+ Kh7 39. Nd6 Ne5 40.
f4 Nd3 41. Re7 Ra1+ 42. Kh2 Ra2 43. Rxf7+ Kg6 44. Rf8 Ne1 45. f5+ Kg7 46. Re8
Nxg2 47. Re7+ Kf8 48. Re8+ Kg7 49. Kg1 Rd2 50. Nb5 Kf7 51. Re6 h5 52. Nd6+ Kg7
53. Ne8+ Kf7 54. Nxf6 h4 55. Ne4 Rb2 56. Ng5+ Kf8 57. gxh4 Nxh4 58. Nh7+ Kf7 59.
Ng5+ Kf8 60. Rf6+ Kg7 61. Ne4 Re2 62. Re6 Nxf5 63. Kf1 Nd4 64. Re7+ Kf8 65. Re5
Re3 66. Kf2 Re2+ 67. Kf1 Re3 68. Kf2 Rxb3 69. Nd6 a5 70. Rh5 a4 71. Rh8+ Ke7 72.
Ne4 a3 73. Ra8 Rb2+ 74. Ke3 a2 75. Kd3 Rb3+ 76. Nc3 b5 77. Kd2 Rb2+ 78. Kd3 Rb3
79. Kd2 Rb2+ 80. Kd3 b4 81. Nxa2 Rb3+ 82. Kd2 Ra3 83. Rxa3 bxa3 84. Kc3 Kd6 85.
Nc1 Kc6 86. Nd3 Kb6 87. Nc1 Ka5 88. Nb3+ Kb6 89. Nc1 Ka5 90. Nb3+ Nxb3 91. Kxb3
a2 92. Kxa2 Kb4 93. Kb2 Kxc4 94. Kc2 Kd4 95. Kd2 Kc4 96. Kc2 Kd4 97. Kd2 c4 98.
Kc2 c3 99. Kc1 Kd3 100. Kd1 c2+ 101. Kc1 Kc3 1/2-1/2

[Event "Online Olym Div3 A 2020"]
[Site "chess.com INT"]
[Date "2020.07.07"]
[Round "3.2"]
[Board "5"]
[White "Koniahli, Malek."]
[Black "Advait, Bagri"]
[Result "1-0"]
[WhiteTitle "FM"]
[BlackTitle "CM"]
[WhiteElo "2261"]
[BlackElo "2242"]
[WhiteTeam "Syria"]
[BlackTeam "Singapore"]
[WhiteFideId "7603495"]
[BlackFideId "5820391"]
[EventDate "2020.07.07"]
[EventType "team"]

1. d4 d5 2. Nf3 Nf6 3. Bf4 e6 4. e3 Bd6 5. Bg3 O-O 6. Nbd2 c5 7. c3 Nc6 8. Bb5
Bxg3 9. hxg3 Qb6 10. Bxc6 Qxc6 11. Ne5 Qc7 12. Qf3 Nd7 13. Qh5 h6 14. Ng4 Kh7
15. Nxh6 Nf6 16. Qh4 Kg6 17. Nf3 1-0

[Event "Online Olym Div3 A 2020"]
[Site "chess.com INT"]
[Date "2020.07.07"]
[Round "3.2"]
[Board "6"]
[White "Mak, Xiu Ning Charlene"]
[Black "Khalil, Manar"]
[Result "1/2-1/2"]
[WhiteElo "1667"]
[BlackElo "1793"]
[WhiteTeam "Singapore"]
[BlackTeam "Syria"]
[WhiteFideId "5820332"]
[BlackFideId "7604661"]
[EventDate "2020.07.07"]
[EventType "team"]

1. e4 c5 2. Nf3 d6 3. d4 cxd4 4. Nxd4 Nf6 5. Nc3 a6 6. Be2 e5 7. Nb3 Be7 8. Be3
Be6 9. g4 d5 10. exd5 Nxd5 11. Nxd5 Bxd5 12. Bf3 e4 13. Bg2 Nc6 14. O-O Bf6 15.
c3 O-O 16. Qc2 Bc4 17. Rfd1 Bd3 18. Qc1 Qc8 19. h3 Ne5 20. Nd4 Re8 21. Nf5 Qe6
22. Nd4 Qc4 23. Nf5 Qe6 24. Nd4 Qc4 25. Nf5 1/2-1/2

[Event "Online Olym Div3 A 2020"]
[Site "chess.com INT"]
[Date "2020.07.07"]
[Round "3.3"]
[Board "1"]
[White "Deng, Yu Dong Michael"]
[Black "Tran, Thanh Tu"]
[Result "0-1"]
[WhiteTitle "CM"]
[BlackTitle "CM"]
[WhiteElo "2138"]
[BlackElo "2346"]
[WhiteTeam "Hong Kong"]
[BlackTeam "Japan"]
[WhiteFideId "6002420"]
[BlackFideId "12401404"]
[EventDate "2020.07.07"]
[EventType "team"]

1. d4 Nc6 2. c4 Nf6 3. Nf3 d6 4. Nc3 g6 5. e3 Bg7 6. Be2 O-O 7. O-O Re8 8. b3 e5
9. d5 Nb8 10. Bb2 a5 11. Nb5 Na6 12. a3 Bd7 13. Qc2 Bf5 14. Qd2 Nc5 15. Qd1 Nfe4
16. b4 Na6 17. Qb3 Bg4 18. Rfd1 Ng5 19. Nfd4 h5 20. Bxg4 hxg4 21. Ne2 Qd7 22.
Nbc3 f5 23. c5 Qf7 24. cxd6 cxd6 25. Nb5 Rad8 26. Rac1 axb4 27. axb4 Rd7 28. Qc3
Bf6 29. Nf4 Ne4 30. Qd3 exf4 31. Bxf6 Nxf6 32. exf4 Nxb4 33. Qb3 Nbxd5 0-1

[Event "Online Olym Div3 A 2020"]
[Site "chess.com INT"]
[Date "2020.07.07"]
[Round "3.3"]
[Board "2"]
[White "Osaka, Takuma"]
[Black "Lau, Lut Yin Luke"]
[Result "1/2-1/2"]
[WhiteTitle "CM"]
[WhiteElo "2048"]
[BlackElo "1991"]
[WhiteTeam "Japan"]
[BlackTeam "Hong Kong"]
[WhiteFideId "7002084"]
[BlackFideId "6002226"]
[EventDate "2020.07.07"]
[EventType "team"]

1. d4 Nf6 2. c4 c5 3. d5 b5 4. cxb5 a6 5. e3 Qb6 6. Nc3 g6 7. Nf3 Bg7 8. a4 axb5
9. Bxb5 O-O 10. O-O d6 11. e4 Bg4 12. Be3 Qa5 13. h3 Bxf3 14. Qxf3 Na6 15. Bd2
Nc7 16. Bc6 Rab8 17. Rab1 Qb4 18. b3 Rfd8 19. Rfd1 Qa3 20. Nb5 Nxb5 21. Bxb5 Nd7
22. Bc3 Bxc3 23. Qxc3 Nf6 24. f3 Rdc8 25. Rdc1 Nh5 26. Rc2 Nf4 27. Ra1 Qb4 28.
Qxb4 cxb4 29. Rac1 Rxc2 30. Rxc2 g5 31. Kf2 h5 32. Rc7 Kf8 33. Bc6 Nd3+ 34. Ke3
Nc5 35. a5 e5 36. dxe6 fxe6 37. Ke2 Nxb3 38. a6 Nd4+ 39. Kd2 Nxc6 40. Rxc6 Ke7
41. a7 Ra8 42. Rc7+ Kf6 43. Kd3 Ke5 44. Kc4 d5+ 45. exd5 exd5+ 46. Kxb4 d4 47.
Kc4 Rd8 48. Kd3 Kf4 49. Rb7 Ra8 50. Kxd4 Kg3 51. Ke5 Kxg2 52. Kf5 h4 53. Kxg5
Kxh3 54. Rh7 Kg3 55. f4 Rg8+ 56. Kf5 h3 57. Kf6 h2 58. Rxh2 Kxh2 59. f5 Ra8 60.
Kg6 Rxa7 61. f6 Ra6 62. Kg7 Kg3 63. f7 Ra7 64. Kg8 Rxf7 65. Kxf7 1/2-1/2

[Event "Online Olym Div3 A 2020"]
[Site "chess.com INT"]
[Date "2020.07.07"]
[Round "3.3"]
[Board "3"]
[White "Lin, Ze Jun"]
[Black "Sakai, Azumi"]
[Result "1-0"]
[BlackTitle "WCM"]
[WhiteElo "1512"]
[BlackElo "1731"]
[WhiteTeam "Hong Kong"]
[BlackTeam "Japan"]
[WhiteFideId "6005861"]
[BlackFideId "7001800"]
[EventDate "2020.07.07"]
[EventType "team"]

1. e4 e6 2. d4 d5 3. Nd2 Be7 4. Ngf3 Nf6 5. e5 Nfd7 6. Bd3 c5 7. c3 Nc6 8. O-O
a5 9. Re1 cxd4 10. cxd4 Qb6 11. Qa4 g5 12. h3 h5 13. Nb3 g4 14. hxg4 hxg4 15.
Nh2 g3 16. fxg3 Rg8 17. Nf3 Rxg3 18. Bf4 Rg8 19. Rac1 Qb4 20. Bb5 Qxa4 21. Bxa4
Ndb8 22. Nc5 Bxc5 23. Rxc5 Bd7 24. Kf2 b6 25. Rc3 Nb4 26. Rc8+ Ke7 27. Rxg8 Bxa4
28. Bg5+ Kd7 29. Rd8+ Kc7 30. Rc1+ Kb7 31. Kg3 Bc6 32. a3 Nd3 33. Rc2 Ba4 34.
Rd2 Nc1 35. Rf2 Nd3 36. Rf1 Nxb2 37. Nd2 Nc6 38. Rxf7+ Ka6 39. Rxa8+ Kb5 40. Nf3
Nc4 41. Rc8 Nxa3 42. Rfc7 Kb4 43. Rxc6 Bxc6 44. Rxc6 Nc4 45. Rxe6 a4 46. Nd2 b5
47. Nxc4 Kxc4 48. Be7 Kxd4 49. Rb6 Kc4 50. e6 d4 51. Kf3 d3 52. Ke3 Kc3 53. Bb4+
Kxb4 54. e7 Kc5 55. Rxb5+ Kxb5 56. e8=Q+ Kb4 57. Kxd3 a3 58. Kc2 1-0

[Event "Online Olym Div3 A 2020"]
[Site "chess.com INT"]
[Date "2020.07.07"]
[Round "3.3"]
[Board "5"]
[White "Kwong, Wing Ki"]
[Black "Nakahara, Kan"]
[Result "0-1"]
[BlackTitle "CM"]
[WhiteElo "1876"]
[BlackElo "2095"]
[WhiteTeam "Hong Kong"]
[BlackTeam "Japan"]
[WhiteFideId "6002013"]
[BlackFideId "7002556"]
[EventDate "2020.07.07"]
[EventType "team"]

1. d4 e6 2. c4 d5 3. Nc3 Be7 4. Nf3 c6 5. Bf4 Nf6 6. h3 Nbd7 7. cxd5 exd5 8. e3
O-O 9. Bd3 Re8 10. O-O Nf8 11. Rb1 a5 12. a3 Ng6 13. Bh2 Bd6 14. Bxd6 Qxd6 15.
Qc2 Qe7 16. b4 Ne4 17. b5 f5 18. bxc6 bxc6 19. Na4 Qf6 20. Rfc1 Be6 21. Nb6 Rad8
22. Qxc6 Nh4 23. Nxh4 Qxh4 24. Bxe4 fxe4 25. Rc5 Bxh3 26. gxh3 Rf8 27. Qe6+ Kh8
28. Qg4 Qxf2+ 29. Kh1 Rd6 30. Qg2 Qxe3 31. Rxd5 Rh6 32. Kh2 Rxh3+ 33. Qxh3 Rf2+
34. Kg1 Rf3+ 35. Kg2 Qf2+ 36. Kh1 Rxh3# 0-1

[Event "Online Olym Div3 A 2020"]
[Site "chess.com INT"]
[Date "2020.07.07"]
[Round "3.3"]
[Board "6"]
[White "Hoshino, Meilin"]
[Black "Huang, Yuen Tung"]
[Result "0-1"]
[WhiteTitle "WCM"]
[WhiteElo "1591"]
[BlackElo "1309"]
[WhiteTeam "Japan"]
[BlackTeam "Hong Kong"]
[WhiteFideId "7001690"]
[BlackFideId "6004202"]
[EventDate "2020.07.07"]
[EventType "team"]

1. d4 Nf6 2. c4 e6 3. Nc3 d5 4. Bg5 Be7 5. e3 O-O 6. Bd3 dxc4 7. Bxc4 c5 8. Bxf6
Bxf6 9. Nf3 cxd4 10. Nxd4 Bd7 11. O-O Nc6 12. Ne4 Bxd4 13. exd4 Ne7 14. Qf3 Bc6
15. Qd3 Qa5 16. Rad1 Rfd8 17. Ng3 Rd7 18. Qc3 Qg5 19. Be2 Rad8 20. Rd2 Nd5 21.
Qc1 Nf4 22. f3 h5 23. Rf2 Rxd4 24. Rc2 Nxe2+ 25. Nxe2 Rd1+ 26. Qxd1 Rxd1+ 27.
Rf1 Qe3+ 28. Kh1 Rxf1+ 29. Ng1 Qxg1# 0-1

[Event "Online Olym Div3 A 2020"]
[Site "chess.com INT"]
[Date "2020.07.07"]
[Round "3.4"]
[Board "1"]
[White "Subramaniam, Sumant"]
[Black "Kwon, Sehyun"]
[Result "0-1"]
[WhiteTitle "FM"]
[BlackTitle "CM"]
[WhiteElo "2155"]
[BlackElo "2194"]
[WhiteTeam "Malaysia"]
[BlackTeam "South Korea"]
[WhiteFideId "5702720"]
[BlackFideId "13203088"]
[EventDate "2020.07.07"]
[EventType "team"]

1. Nf3 d5 2. g3 Nf6 3. Bg2 Bg4 4. c4 c6 5. cxd5 Bxf3 6. Bxf3 cxd5 7. Qb3 Qd7 8.
Nc3 e6 9. O-O Nc6 10. Qa4 Be7 11. d3 O-O 12. Bd2 a6 13. Rac1 b5 14. Qd1 Rac8 15.
Bg2 Rfd8 16. a3 h6 17. h3 e5 18. Kh2 e4 19. dxe4 dxe4 20. Be3 Qe6 21. Qc2 Nd4
22. Qb1 Nf5 23. Bxe4 Nxe3 24. fxe3 Rxc3 25. Bh7+ Nxh7 26. Rxc3 Ng5 27. Qf5 Qxf5
28. Rxf5 Rd2 29. h4 Rxe2+ 30. Kg1 Ne6 31. Rc8+ Bf8 32. Ra8 Rxe3 33. Rxa6 Rxg3+
34. Kh2 Rb3 35. Rf2 g5 36. Ra7 Bd6+ 37. Kh1 Bc5 38. Ra8+ Kg7 39. Rc2 g4 40. Rc8
Bd4 41. h5 Bxb2 42. Rg2 g3 0-1

[Event "Online Olym Div3 A 2020"]
[Site "chess.com INT"]
[Date "2020.07.07"]
[Round "3.4"]
[Board "2"]
[White "Nam, Kanghyeon"]
[Black "Liew, Chee-Meng Jimmy"]
[Result "1/2-1/2"]
[BlackTitle "IM"]
[WhiteElo "1596"]
[BlackElo "2176"]
[WhiteTeam "South Korea"]
[BlackTeam "Malaysia"]
[WhiteFideId "13208810"]
[BlackFideId "5700019"]
[EventDate "2020.07.07"]
[EventType "team"]

1. d4 Nf6 2. Nf3 d5 3. e3 e6 4. Bd3 c5 5. c3 Be7 6. Nbd2 O-O 7. O-O b6 8. e4 Ba6
9. Bxa6 Nxa6 10. Re1 cxd4 11. Nxd4 dxe4 12. Nxe4 Nxe4 13. Rxe4 Bf6 14. Bf4 Nc5
15. Re1 Qd5 16. Nb5 Rfd8 17. Qxd5 exd5 18. Rad1 Ne6 19. Be5 Be7 20. Nd4 Rac8 21.
g3 Bf8 22. Kg2 a6 23. a4 Nc5 24. a5 b5 25. Nf5 Nb3 26. Ne3 Nxa5 27. Nxd5 Nc4 28.
Bc7 Rxd5 29. Rxd5 Rxc7 30. Rd8 Nd6 31. Ra8 Rc6 32. Re7 g6 33. Rea7 Nc4 34. Rxa6
Rxa6 35. Rxa6 Nxb2 36. Rb6 Na4 37. Rxb5 Nxc3 38. Rb8 Kg7 39. Kf3 h5 40. Rb3 Nd5
41. Rb5 Nf6 42. h3 Nd7 43. Rd5 Nf6 44. Rb5 Bd6 45. Ra5 Bc7 46. Rc5 Bb6 47. Rb5
Bd4 48. Rb4 Bc3 49. Rc4 Be5 50. Rc5 Bd6 51. Rc6 Be7 52. Rc7 Bd8 53. Rc8 Ba5 54.
Rc5 Bb4 55. Rc4 Bf8 56. Ra4 Nh7 57. Ra7 Ng5+ 58. Kg2 Ne4 59. Ra4 Nc5 60. Rc4 Ne6
61. Ra4 Bc5 62. Ra6 Bd4 63. Ra4 Bf6 64. Ra6 Nc5 65. Rc6 Nd3 66. Ra6 Ne1+ 67. Kf1
Nf3 68. Kg2 Ng5 69. Rc6 Bd4 70. Rc4 Ne6 71. Rc6 Kf6 72. Ra6 Be5 73. Ra4 Kg7 74.
Re4 Bf6 75. Ra4 Nd4 76. Ra6 Nf5 77. Ra4 g5 78. Ra5 Kg6 79. Ra6 g4 80. hxg4 hxg4
81. Ra7 Nd4 82. Rd7 Nf3 83. Rb7 Bd4 84. Rb4 Kf5 85. Rb5+ Ne5 86. Rd5 Ke4 87. Rd8
f5 88. Re8 Kd3 89. Rf8 Ke4 90. Re8 Bc5 91. Rc8 Bb6 92. Rb8 Bc5 93. Rc8 Bd4 94.
Rb8 Nd3 95. Re8+ Kd5 96. Rf8 Ke4 97. Re8+ Be5 98. Rf8 Ne1+ 99. Kf1 Nf3 100. Kg2
Ng5 101. Rg8 Nf3 102. Re8 Kd5 103. Rd8+ Ke6 104. Re8+ Kf7 105. Ra8 Bd4 106. Ra4
Ke6 107. Ra6+ Ke5 108. Ra5+ Ke4 109. Ra8 Ne1+ 110. Kf1 Nd3 111. Re8+ Kd5 112.
Rd8+ Ke4 113. Re8+ Kf3 114. Rd8 Ke4 115. Re8+ 1/2-1/2

[Event "Online Olym Div3 A 2020"]
[Site "chess.com INT"]
[Date "2020.07.07"]
[Round "3.4"]
[Board "3"]
[White "Nithyalakshmi, Sivanesan"]
[Black "Seo, Jiwon"]
[Result "1-0"]
[WhiteTitle "WCM"]
[WhiteElo "1945"]
[BlackElo "1407"]
[WhiteTeam "Malaysia"]
[BlackTeam "South Korea"]
[WhiteFideId "5706955"]
[BlackFideId "13208969"]
[EventDate "2020.07.07"]
[EventType "team"]

1. d4 d5 2. c4 e6 3. Nc3 Nf6 4. Bf4 c6 5. e3 Nbd7 6. Nf3 Qb6 7. Qc2 c5 8. Nb5
Qa5+ 9. Nd2 cxd4 10. Nc7+ Kd8 11. Nxa8 dxe3 12. Bc7+ Qxc7 13. Nxc7 exf2+ 14. Kd1
Kxc7 15. cxd5+ Kb8 16. Rc1 Bd6 17. dxe6 fxe6 18. Be2 Nc5 19. b4 Na6 20. a3 Rd8
21. g3 Bc7 22. Bxa6 bxa6 23. Qxc7+ Ka8 24. Qxd8 Kb7 25. Qc7+ Ka8 26. Qxc8# 1-0

[Event "Online Olym Div3 A 2020"]
[Site "chess.com INT"]
[Date "2020.07.07"]
[Round "3.4"]
[Board "4"]
[White "Kim, Taegyeong"]
[Black "Azhar, Puteri Rifqah Fahada"]
[Result "0-1"]
[WhiteTitle "WCM"]
[BlackTitle "WFM"]
[WhiteElo "1523"]
[BlackElo "1939"]
[WhiteTeam "South Korea"]
[BlackTeam "Malaysia"]
[WhiteFideId "13200976"]
[BlackFideId "5702879"]
[EventDate "2020.07.07"]
[EventType "team"]

1. d4 Nf6 2. c4 e6 3. Nc3 d5 4. cxd5 exd5 5. Bg5 Be7 6. e3 O-O 7. Bd3 c6 8. Qc2
h6 9. Bh4 Be6 10. Nf3 Nbd7 11. O-O Rc8 12. Na4 c5 13. dxc5 Nxc5 14. Nxc5 Bxc5
15. Qe2 Re8 16. Rfd1 a6 17. a3 Qe7 18. b4 Bb6 19. Rac1 Bg4 20. h3 Bd7 21. Qb2
Rxc1 22. Qxc1 Rc8 23. Qb1 g5 24. Bg3 Be6 25. Bf5 Bxf5 26. Qxf5 Qe6 27. Qd3 Qe4
28. Be5 Qxd3 29. Rxd3 Rc1+ 30. Kh2 Bc7 31. Rxd5 Nxd5 32. Bxc7 Rxc7 33. Nd4 Kh7
34. Kg3 Kg6 35. Nb3 b6 36. Nd4 Rc3 37. Kf3 Rxa3 38. Ke4 Nxb4 39. f4 Ra4 40. fxg5
hxg5 41. Ke5 Ra5+ 42. Kd6 Rc5 43. e4 a5 44. e5 Rd5+ 45. Kc7 Rxd4 46. Kxb6 a4 47.
Kb5 a3 48. g4 a2 49. Kc5 Rf4 50. e6 fxe6 51. h4 gxh4 52. g5 a1=Q 53. Kd6 Qd4+
54. Kxe6 Qd5+ 55. Ke7 Rf7+ 56. Ke8 Qd7# 0-1

[Event "Online Olym Div3 A 2020"]
[Site "chess.com INT"]
[Date "2020.07.07"]
[Round "3.4"]
[Board "5"]
[White "Mohd Saprin, Amir Ghaazi"]
[Black "Noh, Jinwoo"]
[Result "1/2-1/2"]
[WhiteElo "1951"]
[BlackElo "1476"]
[WhiteTeam "Malaysia"]
[BlackTeam "South Korea"]
[WhiteFideId "5712580"]
[BlackFideId "13211307"]
[EventDate "2020.07.07"]
[EventType "team"]

1. Nf3 d5 2. c4 e6 3. g3 d4 4. d3 Nf6 5. Bg2 c5 6. b4 Nc6 7. bxc5 Bxc5 8. O-O
O-O 9. Nbd2 e5 10. Nb3 Qd6 11. Nxc5 Qxc5 12. a4 Re8 13. Ba3 Qa5 14. Nd2 Bd7 15.
Nb3 Qc7 16. Nc5 b6 17. Nxd7 Qxd7 18. a5 Rab8 19. axb6 axb6 20. Qa4 Rec8 21. Rfb1
Ra8 22. Qb5 Rab8 23. Bxc6 Qxc6 24. Qxe5 Re8 25. Qxd4 Rxe2 26. Bc5 Rbe8 27. Bxb6
Qf3 28. Ba5 Ng4 29. Qf4 Qxf4 30. gxf4 Nxf2 31. Re1 Nh3+ 32. Kh1 Nf2+ 33. Kg1
Nh3+ 1/2-1/2

[Event "Online Olym Div3 A 2020"]
[Site "chess.com INT"]
[Date "2020.07.07"]
[Round "3.4"]
[Board "6"]
[White "Khanyl, Chuluuntuya"]
[Black "Chua, Jia-Tien"]
[Result "0-1"]
[BlackTitle "WCM"]
[WhiteElo "1428"]
[BlackElo "1822"]
[WhiteTeam "South Korea"]
[BlackTeam "Malaysia"]
[WhiteFideId "4907485"]
[BlackFideId "5710006"]
[EventDate "2020.07.07"]
[EventType "team"]

1. d4 d5 2. Nf3 Nf6 3. c4 c6 4. e3 a6 5. Nbd2 Bf5 6. Qb3 Ra7 7. Bd3 Bxd3 8. Qxd3
b5 9. cxd5 cxd5 10. O-O e6 11. b3 Bd6 12. Bb2 O-O 13. Rac1 Rc7 14. Rxc7 Qxc7 15.
Rc1 Qb7 16. Ne5 Rc8 17. Qb1 Nbd7 18. Ndf3 Rc7 19. Ng5 Bxe5 20. dxe5 Rxc1+ 21.
Qxc1 Ne8 22. Qc2 g6 23. f4 Qc7 24. Qxc7 Nxc7 25. Bc3 h6 26. Nf3 Nc5 27. Nd4 g5
28. Kf1 Nb7 29. Ke2 Kf8 30. Kf3 Kg7 31. Kg4 gxf4 32. exf4 Kg6 33. Kh4 Nc5 34. g4
Nd3 35. f5+ exf5 36. g5 hxg5+ 37. Kh3 Nf4+ 38. Kg3 Nce6 39. Nxe6 fxe6 40. Kf3
Nd3 41. Bd4 g4+ 42. Ke3 Nb4 43. Bc5 Nc6 44. Kf4 d4 45. Ba3 a5 46. Bc5 d3 47. Be3
Nb4 48. Kg3 Nxa2 49. Kf2 a4 50. bxa4 bxa4 51. Bd2 f4 52. Bxf4 Nc3 53. Ke1 Kf5
54. Bd2 Nb1 55. Bc1 d2+ 56. Bxd2 Nxd2 57. Kxd2 a3 58. Kc3 Kxe5 59. Kb3 Kf4 60.
Ka2 e5 61. Kxa3 e4 62. Kb3 e3 63. Kc3 Kf3 64. Kc2 e2 65. Kd2 Kf2 66. Kd3 e1=Q
67. Kd4 Qd2+ 68. Ke4 Qe3+ 69. Kf5 Kf3 70. Kf6 Kf4 71. Kg6 Qe5 72. Kh7 Kg5 73.
h4+ gxh3 74. Kg8 Kg6 75. Kf8 h2 0-1

[Event "Online Olym Div3 A 2020"]
[Site "chess.com INT"]
[Date "2020.07.07"]
[Round "3.5"]
[Board "1"]
[White "Ashiku, Franc"]
[Black "Ker, Anthony F"]
[Result "1-0"]
[WhiteTitle "IM"]
[BlackTitle "IM"]
[WhiteElo "2419"]
[BlackElo "2298"]
[WhiteTeam "Albania"]
[BlackTeam "New Zealand"]
[WhiteFideId "4700066"]
[BlackFideId "4300084"]
[EventDate "2020.07.07"]
[EventType "team"]

1. Nf3 c5 2. c4 g6 3. Nc3 Bg7 4. e3 e5 5. d4 exd4 6. exd4 cxd4 7. Nb5 d6 8. Bf4
Ne7 9. Nxd6+ Kf8 10. Ng5 Be6 11. Qf3 Nf5 12. g4 Nxd6 13. Nxe6+ fxe6 14. Bg5+ Ke8
15. Bxd8 Kxd8 16. c5 Rf8 17. Qg2 Ne8 18. Qxb7 Nc7 19. Bg2 Nd7 20. O-O Be5 21.
Rfe1 Bf4 22. Rad1 e5 23. Qb4 Rb8 24. Qa5 Rxb2 25. c6 Nb6 26. Qa3 Bxh2+ 27. Kxh2
Rfxf2 28. Qd6+ Kc8 29. Rg1 Ncd5 30. Rdf1 Ne3 31. Rxf2 Nxg4+ 32. Kg3 Nxf2 33. Rf1 1-0

[Event "Online Olym Div3 A 2020"]
[Site "chess.com INT"]
[Date "2020.07.07"]
[Round "3.5"]
[Board "2"]
[White "Duneas, John"]
[Black "Pasko, Llambi"]
[Result "0-1"]
[WhiteTitle "FM"]
[BlackTitle "IM"]
[WhiteElo "2147"]
[BlackElo "2410"]
[WhiteTeam "New Zealand"]
[BlackTeam "Albania"]
[WhiteFideId "4302052"]
[BlackFideId "4701178"]
[EventDate "2020.07.07"]
[EventType "team"]

1. d4 d5 2. c4 c6 3. Nc3 Nf6 4. Nf3 e6 5. Bg5 Nbd7 6. cxd5 exd5 7. e3 Be7 8. Bd3
O-O 9. Qc2 Re8 10. O-O Ne4 11. Bxe7 Qxe7 12. Rab1 a5 13. a3 f5 14. b4 axb4 15.
axb4 Ndf6 16. Ne5 Ra3 17. Nxe4 fxe4 18. Be2 h5 19. b5 c5 20. Ng6 Qf7 21. Qxc5
Qxg6 22. Qxa3 Bh3 23. g3 h4 24. Qd6 Bxf1 25. Bxf1 hxg3 26. hxg3 Qh5 27. Bg2 Ng4
28. Rc1 Qh2+ 29. Kf1 Nxe3+ 30. fxe3 Rf8+ 31. Qxf8+ Kxf8 32. Kf2 Qh5 33. Rc8+ Ke7
34. Rc7+ Kf6 35. Rxb7 Qd1 36. b6 Qd2+ 37. Kf1 Qxe3 38. Rd7 Qd3+ 39. Ke1 e3 40.
Rxd5 Qd2+ 41. Kf1 Qf2# 0-1